00551 2200193 4500001002100000005001500021035002000036007000300056008004100059020002200100082001100122084001700133100001800150245008800168260003500256300004100291600001400332990001100346INLIS00000000000003520230922113045 a0010-0923000023ta230922 g 0 ind  a978-602-5876-55-4 a633.18 a633.18 AFR p0 aAfrizal Malik1 aProspek Pengembangan Padi Gogo :bPerspektif Kebijakan dan Implementasi di Lapangan aYogyakarta :bPlantaxia,c2019 ax, 96 hlm, :bilus, ;c17 cm x 24 cm 4aPadi Gogo a903/19